000 00800nam a2200265Ia 4500
003 OSt
005 20220924131439.0
006 a|||||r|||| 00| 0
007 ta
008 220923b |||||||| |||| 00| 0 hin d
024 _a229115
037 _cTextual
040 _aARTS
_cARTS
_bhin
041 _2hin
_ahin
082 _aP15,C:3x4,1, 152N0;P1.1(TTPS)
100 _aBhartrhari
245 0 _aVakya padiya with Hindi commentary
260 _aVaranasi
_bChowkhamba Vidyabhawan
_c2001
300 _a456p.
_ccm.
490 _aVidvabhawan sanskrit granthamala
650 _aLINGUISTICS
700 _a Avasthi Shiv Shankar Ed.
_9202006
942 _hP15,C:3x4,1, 152N0;P1.1(TTPS)
_cTEXL
_2CC
999 _c427147
_d427147